Direito desportivo Aspectos penais e trabalhistas atuais /

Bibliographic Details
Main Author: Motta Peixoto Giordani, Francisco Alberto da
Other Authors: Motta Peixoto Giordani, Manoel Francisco de Barros da
Format: eBook
Language:Portuguese
Published: San Pablo: LTR, 2017
Subjects:
Online Access:Acceso restringido

MARC

LEADER 00000nam a22000007a 4500
005 2018050401071.0
007 cr|||| ||||
008 180504s2017 br |||||s|||| 00||0 por d
020 |a 978-85-361-9437-0 
035 |a 21577 
040 |a vLex 
090 |c 7907  |d 7907 
100 1 |a Motta Peixoto Giordani, Francisco Alberto da 
245 1 0 |a Direito desportivo  |h [Recurso electrn̤ico] :  |b Aspectos penais e trabalhistas atuais /  |c Francisco Alberto da Motta Peixoto Giordani, Manoel Francisco de Barros da Motta Peixoto Giordani 
256 |a Servicio en ln̕ea 
260 |a San Pablo:  |b LTR,  |c 2017 
300 |a 1 recurso electrn̤ico 
500 |a Como todos sabemos, o Direito Desportivo est ̀ganhando “seu” espaȯ no meio jurd̕ico, se firmando, cada vez mais, como um importante campo de estudos e de atuaȯ̂ profissional, mas, como consequn̊cia dessa crescente relevńcia, muitos temas afloram e pedem reflexô dos juristas. Tambm̌, por todos ̌sabido, que o Direito Desportivo se relaciona com as mais variadas r̀eas do Direito, e aqui, no livro que ora se apresenta, o acento tn̥ico foi colocado no relacionamento, que ̌dos mais estreitos, com o Direito do Trabalho e o Direito Penal; com esse objetivo, vr̀ios juristas de escol cuidaram do dil̀ogo do Direito Desportivo com palpitantes e atuals̕simas queste̳s que colocam-no em contato muito prx̤imo com esses dois ramos do Direito, reclamando soluȯ̂ que passe pelo exame da r̀ea em que se imponha seja tido em linha de consideraȯ̂, para propiciar soluȯ̂ juridicamente adequada. Confiantes na exceln̊cia dos artigos que compe̳m a obra, convidamos ̉leitura todos os que apreciam e se interessam pelo Direito Desportivo. 
506 1 |a Disponible solo en los productos indicados  |d vLex Global  |d vLex Global (Academic Edition, excluding Law Schools)  |d vLex Global (U.S. Academic Edition, Law Schools)  |d vLex Global (U.S. Academic Edition, excluding Law Schools)  |d vLex Global (Academic Edition, Law Schools) 
650 0 4 |a Derecho Civil  |z Brasil 
650 0 4 |a Derecho Pb︢lico y Administrativo  |z Brasil 
650 0 4 |a Deporte  |z Brasil 
650 0 4 |a Deportes  |z Brasil 
700 1 |a Motta Peixoto Giordani, Manoel Francisco de Barros da 
740 0 |a vLex Libros (Servicio en ln̕ea) 
856 4 0 |u http://vlex.com/source/direito-desportivo-aspectos-penais-e-trabalhistas-atuais-21577  |z Acceso restringido 
942 |c BOOK 
999 0 |a Civil Law 
999 0 |a Public and Administrative Law 
999 0 |a Sport 
999 0 |a Sports